000 00363nam a2200157Ia 4500
008 100122s9999 xx 000 0 und d
082 _b76161
_a823.08
100 _aHARIHARAN GITHA
245 _aFUGITATIVE HISTORIES
250 _a1
260 _c2006
300 _a244
630 _aFUGITATIVE HISTORIES
730 _aFUGITATIVE HISTORIES
942 _cBOOK
999 _c392659
_d392656